002370000a220007300045001000018000002450070000183000053000887730022001411 aSivan, Daniel10aPivot words or expressions in biblical hebrew and ugaritic poetry aVol. 48, Num. 3 (Julio, 1998), Páginas 399-4070 tVetus Testamentum